| 000 | 006510000a22002530004500 | ||
|---|---|---|---|
| 500 | _aIncludes bibliography | ||
| 650 | _aEthnic groups | ||
| 650 | _aMinority groups | ||
| 650 | _aEthnicity | ||
| 650 | _aEthnic relations | ||
| 650 | _aEncyclopedias | ||
| 651 | _aUnited States | ||
| 082 |
_a305.897303 _bH262 _cAS |
||
| 518 | _a20001215 | ||
| 530 | _aM | ||
| 100 | _aThernstrom, Ann Orlav, ed. | ||
| 245 | _aHarvard encyclopedia of American ethnic groups | ||
| 020 | _a0-674-37512-2 | ||
| 260 |
_aLondon _bHarvard University Press, Great Britain |
||
| 260 | _c1980 | ||
| 041 | _aEng | ||
| 300 |
_axxv, 1076p. _billus. |
||
| 942 | _cGEN | ||
| 999 |
_c22977 _d22977 |
||